| 000 | 01340naa a22003617a 4500 | ||
|---|---|---|---|
| 001 | BR8002709 | ||
| 003 | BR-BrBNA | ||
| 005 | 20240918174553.0 | ||
| 007 | ta | ||
| 008 | 230509b bl.||||| |||| 00| 0 por d | ||
| 040 |
_aBR-BrBNA _bpor _cBiblioteca Nacional de Agricultura |
||
| 041 | _a(En) | ||
| 072 |
_aP05; F00; K50 _b0600 _b8915 _b8961 |
||
| 090 | _aP05 BR8002709 | ||
| 100 | 1 | _aHodam, R.H. | |
| 100 | 1 | _aLesser, M.C. | |
| 111 | 1 |
_a4. Intenational Symposium on Alcohol Fuels Technology _cGuaruja, SP (Brazil) _d5 Oct 1980 |
|
| 245 | 1 | _aEconomics of ethanol from waste fruit using geothermal process heat and wood for fuel [Fruta; Madeira; Etanol; Alcool; Combustivel] | |
| 260 | 3 |
_aSao Paulo, SP (Brasil): _c1980. |
|
| 500 | _aProceedings of the 4. International Symposium on Alcohol Fuels Technology Sao Paulo, SP (Brasil): 1980. v. 1 p. 107-111 (BR8002709-AM)P05 | ||
| 650 | _aRecurso energetico | ||
| 650 | _aProducao vegetal | ||
| 650 | _aIndustria florestal | ||
| 650 | _aFruta | ||
| 650 | _aMadeira | ||
| 650 | _aEtanol | ||
| 650 | _aAlcool | ||
| 650 | _aCombustivel | ||
| 650 | _aCusto | ||
| 773 | 0 |
_tProceedings of the 4. International Symposium on Alcohol Fuels Technology _wP05 BR8002709 _gSao Paulo, SP (Brasil), 1980. v. 1 p. 107-111 |
|
| 909 |
_a202404 _bLucia _c55 _dLucia Elande |
||
| 942 |
_cAM _2AGRIS |
||
| 999 |
_c312076 _d312076 |
||